[Event "17e Open International de Creon"]
[Site "Creon (FRA)"]
[Date "2012.08.03"]
[Round "7.10"]
[White "Navrotescu, Andreea-Cristiana"]
[Black "Loiseau, Quentin"]
[Result "0-1"]
[WhiteElo "2100"]
[BlackElo "2314"]
[PlyCount "70"]
[EventDate "2012.??.??"]

1. d4 Nf6 2. c4 d6 3. Nc3 e5 4. d5 Nbd7 5. e4 Nc5 6. Bd3 Nxd3+ 7. Qxd3 Be7 8.
Nf3 a5 9. O-O O-O 10. Qc2 Nh5 11. Ne1 Bg5 12. Nd3 f5 13. exf5 Bxf5 14. f3 Bxc1
15. Raxc1 Qh4 16. Ne2 e4 17. fxe4 Qxe4 18. Rxf5 Rxf5 19. Nf2 Qxc2 20. Rxc2 Nf4
21. g3 Nxe2+ 22. Rxe2 Kf7 23. Nd3 Re8 24. Rxe8 Kxe8 25. Kg2 Kd7 26. b3 c6 27.
dxc6+ bxc6 28. g4 Rf8 29. h3 c5 30. Nc1 a4 31. Ne2 axb3 32. axb3 Rb8 33. Nc1
Ra8 34. Kf3 Ra1 35. Nd3 Rb1 0-1

[Event "17e Open International de Creon"]
[Site "Creon (FRA)"]
[Date "2012.08.03"]
[Round "7.20"]
[White "Van De Berkmortel, Theo"]
[Black "Roubert, Emile"]
[Result "1-0"]
[WhiteElo "2179"]
[BlackElo "1927"]
[PlyCount "35"]
[EventDate "2012.??.??"]

1. d4 d5 2. g3 e6 3. Bg2 c5 4. c3 Nf6 5. Nf3 Nc6 6. O-O Bd6 7. dxc5 Bxc5 8. b4
Bd6 9. Nbd2 O-O 10. Qc2 Qc7 11. a3 Bd7 12. Bb2 Rac8 13. c4 Ne7 14. Rac1 dxc4
15. Qxc4 Qb8 16. Qd3 Ng6 17. Bxf6 gxf6 18. Ne4 1-0

[Event "17e Open International de Creon"]
[Site "Creon (FRA)"]
[Date "2012.08.03"]
[Round "7.23"]
[White "Maupin, Jean-Paul"]
[Black "Prevot, Rodolphe"]
[Result "1-0"]
[WhiteElo "2101"]
[BlackElo "1917"]
[PlyCount "21"]
[EventDate "2012.??.??"]

1. e4 c5 2. Nf3 e6 3. d4 cxd4 4. Nxd4 Nc6 5. Be2 a6 6. O-O Nf6 7. Nxc6 bxc6 8.
e5 Nd5 9. c4 Nb6 10. Be3 d5 11. exd6 1-0

[Event "17e Open International de Creon"]
[Site "Creon (FRA)"]
[Date "2012.08.03"]
[Round "7.26"]
[White "Derieux, Christian"]
[Black "Marimon, Frederic"]
[Result "1-0"]
[WhiteElo "2027"]
[BlackElo "1616"]
[PlyCount "35"]
[EventDate "2012.??.??"]

1. d4 Nf6 2. c4 e6 3. Nc3 Bb4 4. e3 O-O 5. Bd3 d5 6. a3 Be7 7. Nge2 c5 8. cxd5
Nxd5 9. Nxd5 Qxd5 10. Nf4 Qc6 11. dxc5 Bxc5 12. b4 Be7 13. Bb2 Nd7 14. Rc1 Qd6
15. O-O f5 16. Nxe6 Rf7 17. Nc7 Rb8 18. Bc4 1-0

[Event "17e Open International de Creon"]
[Site "Creon (FRA)"]
[Date "2012.08.04"]
[Round "8.8"]
[White "Lambert, Romain"]
[Black "Dumitrache, Dragos-Nicolae"]
[Result "0-1"]
[WhiteElo "2138"]
[BlackElo "2447"]
[PlyCount "72"]
[EventDate "2012.??.??"]

1. d4 Nf6 2. c4 d6 3. Nc3 Nbd7 4. e4 e5 5. Nge2 c6 6. g3 Be7 7. Bg2 a6 8. a4 a5
9. h3 Qb6 10. O-O O-O 11. b3 Re8 12. Be3 exd4 13. Nxd4 Nc5 14. Re1 Bd7 15. Qc2
Rad8 16. Rad1 Bc8 17. f4 Bf8 18. Bf2 h5 19. Rd2 g6 20. Rde2 Bg7 21. Qd1 Qb4 22.
Qc2 Nh7 23. Kh2 Bxd4 24. Bxd4 Nxb3 25. Na2 Nxd4 26. Nxb4 Nxc2 27. Nxc2 Be6 28.
Ne3 Nf6 29. Bf3 Kf8 30. Kg2 Bc8 31. Nc2 Nd7 32. Nd4 Nc5 33. Ra1 Re7 34. g4 hxg4
35. hxg4 Rde8 36. Rae1 Nd3 0-1

[Event "17e Open International de Creon"]
[Site "Creon (FRA)"]
[Date "2012.08.04"]
[Round "8.9"]
[White "Domenech, Vianney"]
[Black "Marholev, Dimitar"]
[Result "1-0"]
[WhiteElo "2200"]
[BlackElo "2356"]
[PlyCount "83"]
[EventDate "2012.??.??"]

1. d4 Nf6 2. Bf4 e6 3. e3 c5 4. c3 b6 5. Nd2 Bb7 6. Ngf3 Be7 7. b3 O-O 8. Bd3
Ba6 9. Bxa6 Nxa6 10. Qe2 Qc8 11. a3 d5 12. Ne5 Nb8 13. O-O Nfd7 14. e4 Nf6 15.
f3 Qb7 16. Bg5 cxd4 17. cxd4 Nh5 18. Bxe7 Qxe7 19. Qe3 dxe4 20. fxe4 Nd7 21.
Nc6 Qd6 22. Rac1 e5 23. d5 Nf4 24. g3 Ng6 25. Nc4 Qc5 26. Qxc5 Nxc5 27. d6 f6
28. b4 Nd7 29. Ne3 Kf7 30. Nd5 Ke6 31. Nc7+ Kxd6 32. Nxa8 Rxa8 33. Rfd1+ Ke6
34. Rd3 Ngf8 35. Rcd1 Rc8 36. Rd6+ Kf7 37. Nxa7 Rc7 38. Nb5 Rb7 39. Rc6 Ke7 40.
Nd6 Rb8 41. Nf5+ Kf7 42. Rc7 1-0

[Event "17e Open International de Creon"]
[Site "Creon (FRA)"]
[Date "2012.08.04"]
[Round "8.15"]
[White "Garnier, Teddy"]
[Black "Van De Berkmortel, Theo"]
[Result "0-1"]
[WhiteElo "2055"]
[BlackElo "2179"]
[PlyCount "52"]
[EventDate "2012.??.??"]

1. e4 g6 2. d4 d6 3. Nc3 a6 4. a4 Bg7 5. Be3 Nc6 6. d5 Nb8 7. Bc4 Nf6 8. Nge2
c5 9. h3 Nbd7 10. f4 Rb8 11. Qd3 O-O 12. O-O Nb6 13. g4 Nxc4 14. Qxc4 b5 15.
axb5 axb5 16. Nxb5 Bd7 17. Nbc3 Rb4 18. Qd3 Nxe4 19. Nxe4 Bb5 20. Nxc5 Bxd3 21.
Nxd3 Re4 22. Kf2 e6 23. dxe6 Rxe6 24. Rae1 Qh4+ 25. Ng3 Rxe3 26. Rxe3 Bd4 0-1

[Event "17e Open International de Creon"]
[Site "Creon (FRA)"]
[Date "2012.08.04"]
[Round "8.25"]
[White "Le Bail, Clara"]
[Black "Van Hille, Reinout"]
[Result "1-0"]
[WhiteElo "1999"]
[BlackElo "1824"]
[PlyCount "45"]
[EventDate "2012.??.??"]

1. e4 e6 2. d4 d5 3. exd5 exd5 4. Nf3 Bd6 5. c4 Nf6 6. Bd3 Bg4 7. O-O O-O 8.
Bg5 c6 9. Nc3 dxc4 10. Bxc4 Nbd7 11. Re1 Qc7 12. h3 Bf5 13. Nh4 Bg6 14. Nxg6
hxg6 15. Qf3 Rfe8 16. Ne4 Nxe4 17. Rxe4 Rxe4 18. Qxe4 Nf6 19. Qxg6 Nd5 20. Qe4
Nb6 21. Bb3 Qb8 22. Re1 Nd7 23. Qg4 1-0

[Event "17e Open International de Creon"]
[Site "Creon (FRA)"]
[Date "2012.08.05"]
[Round "9.1"]
[White "Santos Latasa, Jaime"]
[Black "Cornette, Matthieu"]
[Result "1/2-1/2"]
[WhiteElo "2399"]
[BlackElo "2567"]
[PlyCount "44"]
[EventDate "2012.??.??"]

1. e4 c5 2. Nf3 Nc6 3. Nc3 d6 4. d4 cxd4 5. Nxd4 e5 6. Nf5 Bxf5 7. exf5 Qd7 8.
Nd5 Nge7 9. f6 Nxd5 10. fxg7 Bxg7 11. Qxd5 O-O 12. Be3 Rac8 13. c3 Ne7 14. Qb5
Rc6 15. g3 d5 16. Bg2 a6 17. Qb3 d4 18. Bg5 Rc7 19. O-O Nc6 20. Rad1 Qf5 21.
Bc1 Rfc8 22. Rfe1 Rd7 1/2-1/2

[Event "17e Open International de Creon"]
[Site "Creon (FRA)"]
[Date "2012.08.05"]
[Round "9.3"]
[White "Gozzoli, Yannick"]
[Black "Inkiov, Ventzislav"]
[Result "1-0"]
[WhiteElo "2547"]
[BlackElo "2460"]
[PlyCount "91"]
[EventDate "2012.??.??"]

1. d4 Nf6 2. c4 e6 3. Nf3 d5 4. Nc3 dxc4 5. e4 Bb4 6. Bxc4 Nxe4 7. O-O Nxc3 8.
bxc3 Be7 9. Ne5 Nd7 10. Qg4 O-O 11. Bh6 Bf6 12. Rae1 Kh8 13. Bc1 Be7 14. Nxf7+
Rxf7 15. Qxe6 Rf8 16. Qxe7 Nb6 17. Qxd8 Rxd8 18. Bg5 Rf8 19. Bb3 Bd7 20. Re7 a5
21. Rfe1 a4 22. Bf7 Rad8 23. f3 h6 24. Bf4 Nc8 25. Bxc7 Nxe7 26. Rxe7 Be8 27.
Be6 Bc6 28. Bxd8 Rxd8 29. Kf2 Kh7 30. Bf5+ Kg8 31. Be6+ Kh7 32. Bf5+ Kg8 33.
Ke3 Kf8 34. Rc7 Bd5 35. c4 Bf7 36. a3 Rb8 37. Bd7 g5 38. d5 b5 39. cxb5 Bxd5
40. Kd4 Bb7 41. Kc5 h5 42. Rxb7 Rxb7 43. Kc6 Rb8 44. Kc7 Ra8 45. b6 Ke7 46. Bc6
1-0

[Event "17e Open International de Creon"]
[Site "Creon (FRA)"]
[Date "2012.08.05"]
[Round "9.19"]
[White "Pilte, Nicolas"]
[Black "Billiar-Bourgy, Vincent"]
[Result "1-0"]
[WhiteElo "2110"]
[BlackElo "1663"]
[PlyCount "73"]
[EventDate "2012.??.??"]

1. e4 d6 2. d4 Nf6 3. Nc3 g6 4. Be3 c6 5. Qd2 b5 6. f3 Nbd7 7. g4 Qa5 8. h4 h5
9. g5 Nh7 10. d5 Bb7 11. dxc6 Bxc6 12. Nxb5 Qxd2+ 13. Kxd2 Bxb5 14. Bxb5 Bg7
15. Ne2 Rb8 16. a4 Bxb2 17. Ra2 Bg7 18. Bxa7 Rb7 19. Be3 O-O 20. c4 Nc5 21. a5
Ra7 22. a6 Rfa8 23. Nc3 Bxc3+ 24. Kxc3 Nf8 25. Bxc5 dxc5 26. Rd1 Ne6 27. Rd5
Rc7 28. Rd7 Raa7 29. Rxc7 Nxc7 30. Kb3 Kf8 31. Ka4 e6 32. Ka5 Na8 33. Bc6 Nc7
34. Kb6 Nxa6 35. Rxa6 Rxa6+ 36. Kxa6 Ke7 37. e5 1-0